Flagi państw hiszpańskojęzycznych - Statystyki

Ogólne statystyki
  • Ten quiz został rozwiązany 54 razy
  • Średni wynik to 18 z 20
Statystyki odpowiedzi
Obrazkowy Odpowiedź % Poprawnych
Dominikana
96%
Kuba
96%
Peru
96%
Urugwaj
96%
Chile
94%
Kolumbia
94%
Kostaryka
94%
Meksyk
94%
Panama
94%
Paragwaj
94%
Wenezuela
94%
Argentyna
92%
Ekwador
92%
Hiszpania
92%
Honduras
92%
Boliwia
90%
Salwador
85%
Gwatemala
83%
Nikaragua
79%
Gwinea Równikowa
69%
Nie znaleziono quizów pasujących do podanych kryteriów
Rozkład punktacji
Procent ludzi z każdym wynikiem
Percentyl według liczby udzielonych odpowiedzi
Twoja historia wyników
Nie rozwiązałeś tego quizu